[Event "Amsterdam Chess Tournament 2005"]
[Site "Amsterdam NED"]
[Date "2005.07.17"]
[Round "2.16"]
[White "Nijboer, Friso"]
[Black "Van Leent, Dimitri"]
[Result "0-1"]
[WhiteElo "2529"]
[BlackElo "2261"]
[PlyCount "76"]
[EventDate "2005.07.16"]
[EventType "tourn"]
[EventRounds "9"]
[EventCountry "NED"]
[Source "lmi"]
[SourceDate "2005.07.25"]

1. e4 e5 2. Nf3 Nc6 3. Bb5 Nf6 4. O-O Bc5 5. c3 O-O 6. d4 Bb6 7. Bg5 h6 8. Bh4
d6 9. Qd3 Qe7 10. Nbd2 a6 11. Bc4 Bg4 12. Rfe1 Rad8 13. a3 Nb8 14. Ba2 Nbd7 15.
Nc4 Be6 16. Rad1 Rfe8 17. Qb1 Bxc4 18. Bxc4 Nf8 19. Bg3 Ng6 20. Nh4 Nxh4 21.
Bxh4 g5 22. Bg3 Nh5 23. Re3 Nxg3 24. hxg3 Kg7 25. Qc2 g4 26. Qe2 h5 27. Qd2 Qf6
28. b4 Re7 29. Rd3 Rde8 30. Re1 exd4 31. cxd4 c6 32. e5 dxe5 33. dxe5 Rxe5 34.
Rxe5 Rxe5 35. Rd7 Re7 36. Rxe7 Qxe7 37. Kh2 Qf6 38. f3 h4 0-1

[Event "Amsterdam Chess Tournament 2005"]
[Site "Amsterdam NED"]
[Date "2005.07.17"]
[Round "2.18"]
[White "Pruijssers, Roeland"]
[Black "Vazquez, Renier"]
[Result "0-1"]
[WhiteElo "2261"]
[BlackElo "2496"]
[PlyCount "96"]
[EventDate "2005.07.16"]
[EventType "tourn"]
[EventRounds "9"]
[EventCountry "NED"]
[Source "lmi"]
[SourceDate "2005.07.25"]

1. e4 c5 2. Nf3 d6 3. d4 cxd4 4. Nxd4 Nf6 5. Nc3 a6 6. Bg5 e6 7. f4 Nbd7 8. Qf3
Qc7 9. O-O-O Be7 10. g4 b5 11. Bxf6 Nxf6 12. g5 Nd7 13. a3 Rb8 14. f5 Ne5 15.
Qh3 Bxg5+ 16. Kb1 Qe7 17. Rg1 Bf6 18. Nce2 b4 19. a4 Bd7 20. Qb3 Nc6 21. Nxc6
Bxc6 22. Bh3 e5 23. Ng3 h5 24. Qf3 h4 25. Nh5 b3 26. Nxf6+ gxf6 27. cxb3 Qb7
28. Rge1 Ke7 29. Bf1 Qxb3 30. Qxb3 Rxb3 31. Rc1 Bxa4 32. Rc7+ Bd7 33. Bc4 Rb4
34. Bxf7 Rc8 35. Ra7 Rcb8 36. Re2 R8b7 37. Rxb7 Rxb7 38. Bd5 Rb5 39. Bc4 Rb4
40. Bxa6 Bc6 41. Bd3 d5 42. exd5 Bxd5 43. Kc2 Kd6 44. Kc3 Kc5 45. Rc2 Rb3+ 46.
Kd2+ Kd4 47. Ba6 Rb6 48. Bf1 e4 0-1

[Event "Amsterdam Chess Tournament 2005"]
[Site "Amsterdam NED"]
[Date "2005.07.17"]
[Round "2.20"]
[White "Visser, Henk-Jan"]
[Black "Siebrecht, Sebastian"]
[Result "0-1"]
[WhiteElo "2221"]
[BlackElo "2487"]
[PlyCount "82"]
[EventDate "2005.07.16"]
[EventType "tourn"]
[EventRounds "9"]
[EventCountry "NED"]
[Source "lmi"]
[SourceDate "2005.07.25"]

1. e4 c5 2. Nf3 g6 3. d4 cxd4 4. Nxd4 Bg7 5. Nc3 Nc6 6. Be3 d6 7. Qd2 Bd7 8.
O-O-O a6 9. f3 h5 10. Kb1 Nf6 11. Nxc6 Bxc6 12. Nd5 Bxd5 13. exd5 b5 14. g3 O-O
15. Bh3 Qc7 16. Rhe1 Rfb8 17. Rc1 Qc4 18. Red1 b4 19. Bf1 Qc8 20. Qd3 a5 21.
Ka1 a4 22. c3 a3 23. b3 Qb7 24. f4 Rc8 25. Kb1 bxc3 26. Bg2 Ng4 27. Bd4 Qb4 28.
Bg1 Rc7 29. Rc2 Rac8 30. h3 Nh6 31. Be4 Rc4 32. Re1 Qb7 33. Kc1 Rb4 34. Ree2
Rcc4 35. Qxc4 Rxc4 36. bxc4 Qb4 37. c5 dxc5 38. Bd3 Bf6 39. Re4 Qb7 40. Bc4 Nf5
41. Bf2 Nd6 0-1

[Event "Amsterdam Chess Tournament 2005"]
[Site "Amsterdam NED"]
[Date "2005.07.17"]
[Round "2.21"]
[White "Narings, Niek"]
[Black "Wells, Peter"]
[Result "0-1"]
[WhiteElo "2263"]
[BlackElo "2529"]
[PlyCount "92"]
[EventDate "2005.07.16"]
[EventType "tourn"]
[EventRounds "9"]
[EventCountry "NED"]
[Source "lmi"]
[SourceDate "2005.07.25"]

1. e4 c5 2. Nf3 Nc6 3. d4 cxd4 4. Nxd4 Nf6 5. Nc3 d6 6. Bg5 e6 7. Qd2 Be7 8.
O-O-O O-O 9. f3 a6 10. h4 Nxd4 11. Qxd4 b5 12. Kb1 Bb7 13. Qd2 Rc8 14. Bd3 Nd7
15. Ne2 Ne5 16. f4 Nc4 17. Bxc4 Rxc4 18. e5 Bxg2 19. Bxe7 Qxe7 20. exd6 Qd7 21.
Rhg1 Be4 22. Nc3 Bf5 23. b3 Rc6 24. Qd4 f6 25. Rg3 Kh8 26. Ne4 Bxe4 27. Qxe4
Rxd6 28. Rgd3 Rxd3 29. Rxd3 Qe7 30. Qc6 e5 31. Rd7 Qb4 32. f5 Qxh4 33. Qxa6 b4
34. Qd6 Rg8 35. Rb7 Qe1+ 36. Kb2 Qc3+ 37. Kb1 Rc8 38. Qd1 h6 39. Rd7 e4 40.
Rd8+ Rxd8 41. Qxd8+ Kh7 42. Qe8 Qe5 43. Qg6+ Kg8 44. Qg4 e3 45. Qc4+ Kh7 46.
Qe2 Kh8 0-1

[Event "Amsterdam Chess Tournament 2005"]
[Site "Amsterdam NED"]
[Date "2005.07.17"]
[Round "2.22"]
[White "Van der Poel, Henk"]
[Black "Van der Wiel, John"]
[Result "1/2-1/2"]
[WhiteElo "2280"]
[BlackElo "2508"]
[PlyCount "38"]
[EventDate "2005.07.16"]
[EventType "tourn"]
[EventRounds "9"]
[EventCountry "NED"]
[Source "lmi"]
[SourceDate "2005.07.25"]

1. e4 g6 2. d4 Bg7 3. Nc3 c6 4. f4 d5 5. e5 Nh6 6. Nf3 f6 7. Be2 Bg4 8. Nh4
Bxe2 9. Qxe2 Qb6 10. Qd3 Qa6 11. Qxa6 Nxa6 12. Bd2 Nc7 13. O-O Ne6 14. Ne2 c5
15. c3 Rc8 16. f5 Nxf5 17. Nxf5 gxf5 18. exf6 Bxf6 19. Rxf5 cxd4 1/2-1/2

[Event "Amsterdam Chess Tournament 2005"]
[Site "Amsterdam NED"]
[Date "2005.07.17"]
[Round "2.23"]
[White "Hoffmann, Michael"]
[Black "Wempe, Joost"]
[Result "1/2-1/2"]
[WhiteElo "2475"]
[BlackElo "2228"]
[PlyCount "66"]
[EventDate "2005.07.16"]
[EventType "tourn"]
[EventRounds "9"]
[EventCountry "NED"]
[Source "lmi"]
[SourceDate "2005.07.25"]

1. d4 Nf6 2. Nf3 e6 3. c4 d5 4. g3 Bb4+ 5. Bd2 Bxd2+ 6. Qxd2 O-O 7. Bg2 c6 8.
O-O dxc4 9. Ne5 b5 10. a4 Nd5 11. b3 cxb3 12. Nc3 Bb7 13. axb5 cxb5 14. Nxb5 a5
15. Nc3 Nc6 16. Nxd5 Nxe5 17. Nf6+ gxf6 18. Bxb7 Ra7 19. Bg2 Ng6 20. Ra4 Qb6
21. Qc3 Rb8 22. Qb2 Rc7 23. Be4 f5 24. Bd3 Ne7 25. Rfa1 Nc6 26. d5 Nb4 27. Qxb3
Nxd5 28. Qa3 Nb4 29. Rxa5 Nxd3 30. Qxd3 Qb2 31. Kg2 Rc2 32. Ra8 Qb7+ 33. Qf3
Qxf3+ 1/2-1/2

[Event "Amsterdam Chess Tournament 2005"]
[Site "Amsterdam NED"]
[Date "2005.07.17"]
[Round "2.24"]
[White "Senff, Martin"]
[Black "Schoorl, Rob"]
[Result "1/2-1/2"]
[WhiteElo "2467"]
[BlackElo "2239"]
[PlyCount "111"]
[EventDate "2005.07.16"]
[EventType "tourn"]
[EventRounds "9"]
[EventCountry "NED"]
[Source "lmi"]
[SourceDate "2005.07.25"]

1. e4 e5 2. Nf3 Nc6 3. Bb5 a6 4. Bxc6 dxc6 5. Nc3 Bd6 6. d4 exd4 7. Qxd4 f6 8.
Be3 Be6 9. O-O-O Ne7 10. e5 fxe5 11. Nxe5 Nf5 12. Qe4 Nxe3 13. fxe3 Qe7 14.
Nxc6 bxc6 15. Qxc6+ Kf7 16. Rhf1+ Kg6 17. Qe4+ Kh6 18. Rxd6 Qxd6 19. Rd1 Qe7
20. Nd5 Qg5 21. Qxe6+ g6 22. Nxc7 Raf8 23. Qh3+ Qh5 24. Qxh5+ Kxh5 25. b4 Rf6
26. Rd2 g5 27. a4 Rb8 28. Nd5 Rf1+ 29. Kb2 Rh1 30. c4 Kh4 31. c5 Rc8 32. Rd4+
Kh5 33. Rd2 Kh4 34. Kc3 a5 35. Nb6 axb4+ 36. Kxb4 Rb1+ 37. Ka5 Rxc5+ 38. Ka6
Ra1 39. Kb7 Ra3 40. Rd4+ g4 41. e4 Rb3 42. Rd7 h5 43. Rd5 Rc4 44. g3+ Kh3 45.
Rxh5+ Kg2 46. a5 Rxe4 47. Kc6 Re2 48. Nd5 Kg1 49. h3 Rc2+ 50. Kd6 Rxg3 51. hxg4
Rxg4 52. Ne7 Rd4+ 53. Rd5 Rxd5+ 54. Kxd5 Ra2 55. Nc6 Rxa5+ 56. Nxa5 1/2-1/2

[Event "Amsterdam Chess Tournament 2005"]
[Site "Amsterdam NED"]
[Date "2005.07.17"]
[Round "2.25"]
[White "Breivik, Lars"]
[Black "Williams, Simon"]
[Result "0-1"]
[WhiteElo "2217"]
[BlackElo "2461"]
[PlyCount "50"]
[EventDate "2005.07.16"]
[EventType "tourn"]
[EventRounds "9"]
[EventCountry "NED"]
[Source "lmi"]
[SourceDate "2005.07.25"]

1. d4 f5 2. Bg5 h6 3. Bh4 g5 4. Bg3 Bg7 5. e3 d6 6. Qh5+ Kf8 7. Nd2 Nf6 8. Qd1
Nc6 9. h4 e5 10. c3 f4 11. Bh2 Qe7 12. Qe2 Bg4 13. f3 Bh5 14. dxe5 dxe5 15.
O-O-O Nd5 16. Nc4 Bf7 17. g3 b5 18. e4 Nxc3 19. bxc3 bxc4 20. Qc2 Rb8 21. Qa4
Qc5 22. Ne2 Qe3+ 23. Kc2 Nd4+ 24. cxd4 exd4 25. Qa3+ Qxa3 0-1

[Event "Amsterdam Chess Tournament 2005"]
[Site "Amsterdam NED"]
[Date "2005.07.17"]
[Round "2.27"]
[White "De Saegher, Chris"]
[Black "Afek, Yochanan"]
[Result "1/2-1/2"]
[WhiteElo "2187"]
[BlackElo "2389"]
[PlyCount "76"]
[EventDate "2005.07.16"]
[EventType "tourn"]
[EventRounds "9"]
[EventCountry "NED"]
[Source "lmi"]
[SourceDate "2005.07.25"]

1. d4 Nf6 2. Nf3 g6 3. c4 Bg7 4. Nc3 O-O 5. e4 c5 6. d5 e5 7. Bg5 h6 8. Be3 d6
9. h3 Nh5 10. Nh2 Qe8 11. Be2 Nf4 12. Bf3 f5 13. O-O a6 14. Re1 Qf7 15. Rb1 b6
16. exf5 gxf5 17. Bxf4 exf4 18. Re6 Qc7 19. Qd2 Nd7 20. Qxf4 Ne5 21. Bh5 Bxe6
22. dxe6 Qe7 23. Nd5 Qxe6 24. Nc7 Qf6 25. Nxa8 Rxa8 26. Rd1 Rd8 27. b3 Nc6 28.
Nf3 b5 29. Kh2 b4 30. Qd2 Ne7 31. Re1 Kf8 32. Qe3 a5 33. g3 a4 34. Nh4 Qe5 35.
Qd2 Qd4 36. Qe2 Qe5 37. Qd2 Qd4 38. Qe2 Qe5 1/2-1/2

[Event "Amsterdam Chess Tournament 2005"]
[Site "Amsterdam NED"]
[Date "2005.07.17"]
[Round "2.29"]
[White "Van de Oudeweetering, Arthur"]
[Black "Spence, David"]
[Result "1/2-1/2"]
[WhiteElo "2368"]
[BlackElo "2218"]
[PlyCount "79"]
[EventDate "2005.07.16"]
[EventType "tourn"]
[EventRounds "9"]
[EventCountry "NED"]
[Source "lmi"]
[SourceDate "2005.07.25"]

1. e4 e6 2. d4 d5 3. Nc3 dxe4 4. Nxe4 Qd5 5. Nc3 Bb4 6. Nf3 Nf6 7. Bd2 Bxc3 8.
Bxc3 b6 9. Bd2 Ba6 10. Bxa6 Nxa6 11. O-O O-O 12. Qe2 Nb8 13. Bf4 c6 14. Rfe1
Nbd7 15. c4 Qh5 16. b4 a5 17. a3 axb4 18. axb4 b5 19. Be5 Rxa1 20. Rxa1 bxc4
21. Qxc4 Nxe5 22. Nxe5 Ng4 23. Nxg4 Qxg4 24. Qxc6 Qxd4 25. Rb1 Qd3 26. Qc1 Qb5
27. Qf1 Qb6 28. Qd3 h5 29. b5 Rb8 30. h3 g6 31. Qc3 Kh7 32. Qe5 Kg8 33. Rb2 Kh7
34. Rb3 Kg8 35. g4 Rd8 36. gxh5 Rd5 37. Qf6 Rf5 38. Qb2 Rxh5 39. Kg2 Rg5+ 40.
Kf1 1/2-1/2

[Event "Amsterdam Chess Tournament 2005"]
[Site "Amsterdam NED"]
[Date "2005.07.17"]
[Round "2.30"]
[White "Markus, John Raymond"]
[Black "Martyn, Rafe"]
[Result "0-1"]
[WhiteElo "2227"]
[BlackElo "2340"]
[PlyCount "78"]
[EventDate "2005.07.16"]
[EventType "tourn"]
[EventRounds "9"]
[EventCountry "NED"]
[Source "lmi"]
[SourceDate "2005.07.25"]

1. d4 Nf6 2. Nf3 e6 3. Bg5 h6 4. Bh4 b6 5. e3 Bb7 6. Nbd2 Be7 7. c3 d6 8. Bxf6
Bxf6 9. Bd3 Nd7 10. O-O O-O 11. Qe2 c6 12. Rfd1 Qc7 13. Ne4 Be7 14. Rac1 Rfe8
15. Bb1 d5 16. Ng3 e5 17. c4 e4 18. Nd2 Qd8 19. Nf5 Bf8 20. f3 g6 21. Ng3 exf3
22. gxf3 c5 23. Qf2 cxd4 24. exd4 Rc8 25. cxd5 Rxc1 26. Rxc1 Nf6 27. Nc4 Nxd5
28. Be4 h5 29. Ne5 Qg5 30. Re1 h4 31. f4 hxg3 32. hxg3 Qd8 33. a3 Ba8 34. Qc2
Ne7 35. Qc4 Bd5 36. Bxd5 Qxd5 37. Qc7 Qxd4+ 38. Kh1 Qd5+ 39. Kh2 Qd2+ 0-1

[Event "Amsterdam Chess Tournament 2005"]
[Site "Amsterdam NED"]
[Date "2005.07.17"]
[Round "2.33"]
[White "Slingerland, Fred"]
[Black "Janssen, Ruud"]
[Result "0-1"]
[WhiteElo "2259"]
[BlackElo "2501"]
[PlyCount "80"]
[EventDate "2005.07.16"]
[EventType "tourn"]
[EventRounds "9"]
[EventCountry "NED"]
[Source "lmi"]
[SourceDate "2005.07.25"]

1. e4 c5 2. Nf3 e6 3. d4 cxd4 4. Nxd4 Nf6 5. Nc3 d6 6. Be2 a6 7. f4 Be7 8. O-O
Qc7 9. Kh1 O-O 10. Be3 b5 11. Bf3 Bb7 12. e5 dxe5 13. fxe5 Nfd7 14. Bf4 Nc6 15.
Nxc6 Bxc6 16. Bxc6 Qxc6 17. Qf3 Qxf3 18. Rxf3 Rac8 19. Rf2 Bc5 20. Rd2 Nb6 21.
Rd3 Bb4 22. a3 Bxc3 23. bxc3 Nd5 24. Bd2 Rc4 25. a4 bxa4 26. Rd4 Rfc8 27. Rxa4
Rxd4 28. Rxd4 Nb6 29. Kg1 a5 30. Kf2 Nc4 31. Ke2 a4 32. Bf4 a3 33. Rd1 a2 34.
Ra1 Ra8 35. Bg3 Ra4 36. Bf2 Nxe5 37. Bc5 f5 38. Bd6 Nc4 39. Bb4 e5 40. Kd3 Nb2+
0-1

[Event "Amsterdam Chess Tournament 2005"]
[Site "Amsterdam NED"]
[Date "2005.07.17"]
[Round "2.34"]
[White "Bosboom, Manuel"]
[Black "Monteban, Martijn"]
[Result "1-0"]
[WhiteElo "2419"]
[BlackElo "2260"]
[PlyCount "89"]
[EventDate "2005.07.16"]
[EventType "tourn"]
[EventRounds "9"]
[EventCountry "NED"]
[Source "lmi"]
[SourceDate "2005.07.25"]

1. d4 d5 2. c4 dxc4 3. Nf3 Nf6 4. e3 e6 5. Bxc4 a6 6. O-O c5 7. Nc3 b5 8. Bb3
Bb7 9. e4 cxd4 10. Nxd4 Nbd7 11. Re1 Bc5 12. e5 Qb6 13. exf6 Bxd4 14. fxg7
Bxf2+ 15. Kf1 Rg8 16. Nd5 Bxd5 17. Qxd5 Rc8 18. Bh6 Bxe1 19. Rxe1 Rc5 20. Qd3
Rh5 21. Be3 Qc6 22. Rc1 Rf5+ 23. Kg1 Nc5 24. Rxc5 Rxc5 25. Qxh7 Rxg7 26. Qxg7
Rf5 27. Qh8+ Ke7 28. Qh4+ Ke8 29. h3 Qd6 30. Bc2 Re5 31. Qg3 Qd5 32. Bb3 Qe4
33. Qg8+ Ke7 34. Bh6 Qe1+ 35. Kh2 Rf5 36. Bg5+ Kd6 37. Qd8+ Kc6 38. Qc8+ Kd6
39. Qxa6+ Kc7 40. Qa7+ Kc6 41. Qa8+ Kc7 42. Qd8+ Kb7 43. Qd7+ Kb6 44. Bd8+ Kc5
45. Qa7+ 1-0

[Event "Amsterdam Chess Tournament 2005"]
[Site "Amsterdam NED"]
[Date "2005.07.17"]
[Round "2.35"]
[White "Ruijgrok, Dennis"]
[Black "Ansell, Simon"]
[Result "0-1"]
[WhiteElo "2249"]
[BlackElo "2407"]
[PlyCount "44"]
[EventDate "2005.07.16"]
[EventType "tourn"]
[EventRounds "9"]
[EventCountry "NED"]
[Source "lmi"]
[SourceDate "2005.07.25"]

1. e4 c5 2. Nf3 Nc6 3. Bb5 e6 4. b3 Nge7 5. Bb2 a6 6. Bxc6 Nxc6 7. d4 cxd4 8.
Nxd4 Qf6 9. O-O Bc5 10. c3 O-O 11. b4 Ba7 12. Nf3 d5 13. exd5 exd5 14. Qxd5
Nxb4 15. Qd2 Nc6 16. c4 Qg6 17. a4 Be6 18. Qf4 Rad8 19. Nbd2 Rfe8 20. Rfe1 Nb4
21. Qc7 Nd3 22. Reb1 Bh3 0-1

[Event "Amsterdam Chess Tournament 2005"]
[Site "Amsterdam NED"]
[Date "2005.07.17"]
[Round "2.36"]
[White "Koster, Ramon"]
[Black "Doggers, Peter"]
[Result "1-0"]
[WhiteElo "2335"]
[BlackElo "2249"]
[PlyCount "49"]
[EventDate "2005.07.16"]
[EventType "tourn"]
[EventRounds "9"]
[EventCountry "NED"]
[Source "lmi"]
[SourceDate "2005.07.25"]

1. d4 Nf6 2. c4 g6 3. Nc3 Bg7 4. e4 d6 5. f4 O-O 6. Nf3 c5 7. d5 e6 8. Be2 exd5
9. cxd5 Bg4 10. O-O Re8 11. e5 Bxf3 12. Bxf3 dxe5 13. fxe5 Rxe5 14. Bf4 Re8 15.
Qb3 Qb6 16. Qxb6 axb6 17. Bc7 Nfd7 18. Rae1 Ne5 19. Bd1 Nbd7 20. Ba4 Rec8 21.
d6 Nf8 22. Nd5 Rxa4 23. Ne7+ Kh8 24. Nxc8 Nd3 25. Re8 1-0

[Event "Amsterdam Chess Tournament 2005"]
[Site "Amsterdam NED"]
[Date "2005.07.17"]
[Round "2.37"]
[White "Van Eekhout, David"]
[Black "Timman, Anton P"]
[Result "1/2-1/2"]
[WhiteElo "2240"]
[BlackElo "2335"]
[PlyCount "104"]
[EventDate "2005.07.16"]
[EventType "tourn"]
[EventRounds "9"]
[EventCountry "NED"]
[Source "lmi"]
[SourceDate "2005.07.25"]

1. e4 e5 2. Nf3 Nc6 3. Bb5 a6 4. Ba4 Nf6 5. O-O Be7 6. Re1 b5 7. Bb3 d6 8. c3
O-O 9. d4 Bg4 10. d5 Na5 11. Bc2 c6 12. dxc6 Qc7 13. h3 Be6 14. Nbd2 Qxc6 15.
Nf1 h6 16. Ng3 Rfe8 17. Nh4 Rad8 18. Nhf5 d5 19. exd5 Qxd5 20. Qe2 Bf8 21. Nh5
Nxh5 22. Qxh5 e4 23. Ng3 Qxh5 24. Nxh5 f5 25. Nf4 Bf7 26. Ne2 g6 27. Nd4 Nc4
28. a4 b4 29. Nc6 Rc8 30. Nxb4 Bxb4 31. cxb4 Nxb2 32. Bb1 Nd3 33. Bxd3 exd3 34.
Bxh6 Rxe1+ 35. Rxe1 Rb8 36. Bd2 Bb3 37. Re3 Bxa4 38. Rxd3 Rb6 39. Rd5 Bb5 40.
f3 Kf7 41. Kf2 Ke6 42. Rc5 Rc6 43. h4 Rxc5 44. bxc5 Kd5 45. Bb4 Kc4 46. Ba3 a5
47. Ke3 Kb3 48. g4 fxg4 49. fxg4 Be8 50. Bc1 Kc4 51. Ba3 Kb3 52. Bc1 Kc4
1/2-1/2

[Event "Amsterdam Chess Tournament 2005"]
[Site "Amsterdam NED"]
[Date "2005.07.17"]
[Round "2.38"]
[White "Buckley, Simon T"]
[Black "Van Gool, Henk"]
[Result "1-0"]
[WhiteElo "2333"]
[BlackElo "2242"]
[PlyCount "77"]
[EventDate "2005.07.16"]
[EventType "tourn"]
[EventRounds "9"]
[EventCountry "NED"]
[Source "lmi"]
[SourceDate "2005.07.25"]

1. d4 d5 2. Bg5 c6 3. Nf3 Nd7 4. e3 Ngf6 5. c4 e6 6. Nc3 Be7 7. Qc2 O-O 8. Bd3
dxc4 9. Bxc4 b5 10. Bd3 Bb7 11. O-O h6 12. Bh4 Rc8 13. Rfd1 a6 14. Qe2 c5 15.
dxc5 Rxc5 16. a4 b4 17. Na2 Qb6 18. Nc1 Bxf3 19. gxf3 Ne5 20. Bxf6 Bxf6 21. Be4
Nc4 22. Nd3 Rc7 23. f4 Rfc8 24. Rac1 b3 25. Bf3 Qa5 26. e4 Qxa4 27. e5 Be7 28.
Qe4 Qa5 29. Rc3 Qb6 30. f5 exf5 31. Qxf5 Qd4 32. e6 fxe6 33. Qxe6+ Kh8 34. Bb7
Rf8 35. Bd5 Nb6 36. Rxc7 Nxd5 37. Rd7 Nf4 38. Rxd4 Nxe6 39. Re4 1-0

[Event "Amsterdam Chess Tournament 2005"]
[Site "Amsterdam NED"]
[Date "2005.07.17"]
[Round "2.39"]
[White "Gavin Roche, Enrique"]
[Black "Wong, Zi Jing"]
[Result "0-1"]
[WhiteElo "2230"]
[BlackElo "2330"]
[PlyCount "100"]
[EventDate "2005.07.16"]
[EventType "tourn"]
[EventRounds "9"]
[EventCountry "NED"]
[Source "lmi"]
[SourceDate "2005.07.25"]

1. d4 Nf6 2. c4 c5 3. d5 b5 4. cxb5 a6 5. b6 e6 6. Nc3 Nxd5 7. Nxd5 exd5 8.
Qxd5 Nc6 9. Bg5 f6 10. Bd2 Qxb6 11. Bc3 Bb7 12. Qh5+ g6 13. Qh4 Be7 14. e3 Nb4
15. Bxb4 cxb4 16. b3 f5 17. Qd4 Qxd4 18. exd4 Bf6 19. O-O-O Rc8+ 20. Kb2 Kd8
21. Nf3 Re8 22. Bc4 Re4 23. Rd2 Rg4 24. Re1 Bxf3 25. gxf3 Rxd4 26. Rxd4 Bxd4+
27. Kb1 a5 28. Bg8 Rc3 29. Bxh7 Rxf3 30. Bxg6 Rxf2 31. h4 f4 32. Rd1 Be5 33. h5
Rh2 34. Rd5 d6 35. Be4 Re2 36. Bf3 Rf2 37. Be4 Rb2+ 38. Kc1 Rxa2 39. Bc2 a4 40.
bxa4 f3 41. Rd3 Ra1+ 42. Bb1 f2 43. Rf3 Bd4 44. h6 Ra3 45. Rf5 Rh3 46. Kd2 Rxh6
47. Bd3 b3 48. Bf1 b2 49. Rb5 Rh1 50. Ke2 Rh5 0-1

[Event "Amsterdam Chess Tournament 2005"]
[Site "Amsterdam NED"]
[Date "2005.07.17"]
[Round "2.40"]
[White "Beckhuis, Gernod"]
[Black "Bensdorp, Marlies"]
[Result "1-0"]
[WhiteElo "2324"]
[BlackElo "2225"]
[PlyCount "47"]
[EventDate "2005.07.16"]
[EventType "tourn"]
[EventRounds "9"]
[EventCountry "NED"]
[Source "lmi"]
[SourceDate "2005.07.25"]

1. d4 d5 2. c4 c6 3. Nf3 Nf6 4. Qc2 e6 5. Bg5 Be7 6. e3 Nbd7 7. Nc3 O-O 8. Rd1
Re8 9. a3 Nf8 10. Bd3 a6 11. O-O Ng6 12. Rfe1 dxc4 13. Bxc4 Nd7 14. Ne4 h6 15.
Bf4 Nxf4 16. exf4 Qc7 17. Ne5 Nb6 18. Ba2 f5 19. Ng3 Nd5 20. Nxf5 exf5 21.
Bxd5+ Kh7 22. Bf7 Rf8 23. Bg6+ Kh8 24. Nf7+ 1-0

[Event "Amsterdam Chess Tournament 2005"]
[Site "Amsterdam NED"]
[Date "2005.07.17"]
[Round "2.41"]
[White "Koehler, Aran"]
[Black "Halay, Taufik"]
[Result "1/2-1/2"]
[WhiteElo "2223"]
[BlackElo "2320"]
[PlyCount "140"]
[EventDate "2005.07.16"]
[EventType "tourn"]
[EventRounds "9"]
[EventCountry "NED"]
[Source "lmi"]
[SourceDate "2005.07.25"]

1. e4 c5 2. Nf3 d6 3. d4 cxd4 4. Nxd4 Nf6 5. Nc3 g6 6. g3 Nc6 7. Nde2 Bg4 8.
Bg2 Ne5 9. f4 Nc4 10. Qd3 Qc7 11. b3 Nb6 12. Bb2 Bg7 13. O-O-O O-O 14. h3 Bd7
15. Kb1 a5 16. a4 Rac8 17. g4 Qc5 18. g5 Nh5 19. Rhf1 Be6 20. Nd5 Bxd5 21. exd5
Bxb2 22. Kxb2 Qb4 23. Ka2 Nd7 24. c3 Qb6 25. Bf3 Ng7 26. Bg4 Qc7 27. Nd4 Nc5
28. Qc4 Ra8 29. f5 Na6 30. Qxc7 Nxc7 31. f6 exf6 32. gxf6 Nge8 33. c4 h5 34.
Bxh5 gxh5 35. Rf5 Kh7 36. Rg1 Nxf6 37. Rxf6 Ne8 38. Rf5 Ng7 39. Rfg5 Rg8 40.
Rf1 Raf8 41. Rf6 Ne8 42. Rxh5+ Kg7 43. Rhh6 Rh8 44. Nf5+ Kg8 45. Ne7+ Kg7 46.
Nf5+ Kg8 47. Rxh8+ Kxh8 48. Rh6+ Kg8 49. Ne7+ Kg7 50. Nf5+ Kg8 51. Nxd6 Nxd6
52. Rxd6 f5 53. Rg6+ Kf7 54. Rg3 Kf6 55. b4 f4 56. Rf3 Ke5 57. bxa5 Rg8 58. Rd3
Rg2+ 59. Kb1 Ke4 60. Rd1 f3 61. d6 f2 62. d7 Rg8 63. a6 Rd8 64. axb7 Rxd7 65.
b8=Q Rxd1+ 66. Kc2 f1=Q 67. Qe8+ Kf4 68. Qf7+ Kg3 69. Qg7+ Kh2 70. Qe5+ Kh1
1/2-1/2

[Event "Amsterdam Chess Tournament 2005"]
[Site "Amsterdam NED"]
[Date "2005.07.17"]
[Round "2.42"]
[White "De Boer, Sybolt"]
[Black "Blanchard, Jack"]
[Result "1-0"]
[WhiteElo "2320"]
[BlackElo "2219"]
[PlyCount "91"]
[EventDate "2005.07.16"]
[EventType "tourn"]
[EventRounds "9"]
[EventCountry "NED"]
[Source "lmi"]
[SourceDate "2005.07.25"]

1. d4 d5 2. c4 c6 3. Nf3 Qb6 4. Qc2 Bg4 5. c5 Qd8 6. Ne5 Be6 7. Bf4 Nf6 8. h3
g6 9. Nd2 Bg7 10. e3 O-O 11. Bd3 Nfd7 12. Nef3 b6 13. cxb6 axb6 14. O-O h6 15.
a3 c5 16. dxc5 bxc5 17. e4 d4 18. Bxb8 Qxb8 19. Bc4 Bxc4 20. Nxc4 Rc8 21. Rab1
Qc7 22. Rfc1 Rab8 23. Ne1 Bf8 24. Nd3 Qb7 25. Qe2 Qa6 26. Rc2 h5 27. e5 Rb3 28.
f4 Rcb8 29. Qe4 e6 30. g4 hxg4 31. hxg4 Qb7 32. Qxb7 R3xb7 33. Kf2 Rb3 34. Rd1
Be7 35. Kf3 Kg7 36. Rh2 Rh8 37. Rxh8 Kxh8 38. Ke4 Kg7 39. Na5 Rb6 40. Nc4 Rb3
41. f5 Bg5 42. a4 Rb8 43. a5 Ra8 44. Ra1 Bd8 45. Ra3 Kf8 46. Rb3 1-0

[Event "Amsterdam Chess Tournament 2005"]
[Site "Amsterdam NED"]
[Date "2005.07.17"]
[Round "2.43"]
[White "Van der Plas, Rob"]
[Black "Bitalzadeh, Ali"]
[Result "1-0"]
[WhiteElo "2209"]
[BlackElo "2317"]
[PlyCount "63"]
[EventDate "2005.07.16"]
[EventType "tourn"]
[EventRounds "9"]
[EventCountry "NED"]
[Source "lmi"]
[SourceDate "2005.07.25"]

1. d4 Nf6 2. c4 g6 3. Nc3 Bg7 4. e4 d6 5. f4 O-O 6. Nf3 c5 7. d5 e6 8. Be2 exd5
9. cxd5 Re8 10. e5 dxe5 11. fxe5 Ng4 12. Bg5 Qb6 13. O-O Nxe5 14. d6 Nxf3+ 15.
Bxf3 Bd4+ 16. Kh1 Qxd6 17. Bd5 Be6 18. Bxb7 Nd7 19. Bxa8 Rxa8 20. Nb5 Qd5 21.
Qd2 Rc8 22. Rad1 Bg4 23. Rc1 Ne5 24. Nxd4 cxd4 25. Rxc8+ Bxc8 26. Bf6 Bb7 27.
Re1 Nd7 28. Re8+ Nf8 29. Be7 Qe4 30. h3 d3 31. Rxf8+ Kg7 32. Re8 1-0

[Event "Amsterdam Chess Tournament 2005"]
[Site "Amsterdam NED"]
[Date "2005.07.17"]
[Round "2.44"]
[White "Van Beek, Alexander"]
[Black "Riemens, Albert"]
[Result "1-0"]
[WhiteElo "2312"]
[BlackElo "2210"]
[PlyCount "131"]
[EventDate "2005.07.16"]
[EventType "tourn"]
[EventRounds "9"]
[EventCountry "NED"]
[Source "lmi"]
[SourceDate "2005.07.25"]

1. d4 Nf6 2. c4 c5 3. d5 e6 4. Nc3 exd5 5. cxd5 d6 6. e4 g6 7. h3 Bg7 8. Nf3
O-O 9. Bg5 Re8 10. Bd3 a6 11. a4 h6 12. Be3 Nbd7 13. O-O Qc7 14. Qd2 Kh7 15.
Rfe1 Rb8 16. Rac1 c4 17. Bc2 b5 18. axb5 axb5 19. Nd4 Ba6 20. Ra1 b4 21. Rxa6
bxc3 22. bxc3 Nxe4 23. Bxe4 Rxe4 24. Rc6 Qb7 25. Rxc4 Qxd5 26. Rc7 Nc5 27. Qc2
Ne6 28. Rxf7 Nxd4 29. Rxg7+ Kxg7 30. Bxd4+ Rxd4 31. cxd4 Rb7 32. Re4 Qf5 33.
Qe2 Rf7 34. h4 h5 35. g3 Kh7 36. Kg2 Qd5 37. Kg1 Qf5 38. Qe3 Kg7 39. Re6 Qb1+
40. Kg2 Qb7+ 41. Qe4 Qxe4+ 42. Rxe4 Rf5 43. f3 Rb5 44. Kf2 Kf6 45. g4 hxg4 46.
fxg4 Rb2+ 47. Kf3 Rb3+ 48. Re3 Rb5 49. Ke4 Ke6 50. Rf3 g5 51. h5 d5+ 52. Ke3
Rb3+ 53. Kf2 Rb2+ 54. Kg3 Rb8 55. Rf5 Rg8 56. Kf3 Rg7 57. Ke3 Rg8 58. Kd3 Rg7
59. Kc3 Rg8 60. Kb4 Rb8+ 61. Kc5 Rc8+ 62. Kb6 Rg8 63. Kc7 Rg7+ 64. Kc6 Rg8 65.
Re5+ Kf6 66. Kxd5 1-0